ՀՀ Գիտությունների ազգային ակադեմիայի հիմնարար գիտական գրադարան  =   Fundamental Scientific Library of NAS RA

Մարդատար տաքսավարորդի տեղեկագիրք / (Record no. 100470)

MARC details
000 -LEADER
fixed length control field 00890nam a2200217 u 4500
001 - CONTROL NUMBER
control field 000275913
003 - CONTROL NUMBER IDENTIFIER
control field AM-YeHGA
005 - DATE AND TIME OF LATEST TRANSACTION
control field 20250617125601.0
008 - FIXED-LENGTH DATA ELEMENTS--GENERAL INFORMATION
fixed length control field 031024s1961 ai r 000 0 arm d
040 ## - CATALOGING SOURCE
Original cataloging agency AM-YeHGA
041 1# - LANGUAGE CODE
Language code of text/sound track or separate title arm
090 ## - LOCALLY ASSIGNED LC-TYPE CALL NUMBER (OCLC); LOCAL CALL NUMBER (RLIN)
-- 101786
245 00 - TITLE STATEMENT
Title Մարդատար տաքսավարորդի տեղեկագիրք /
Statement of responsibility, etc. Խմբ.՝ Ի. Միքայելյան; Թարգմ.՝ Հ. Կարապետյան; Ավտոմոբիլային տրանսպորտի մինիստր. ՀՍՍՌ.
260 ## - PUBLICATION, DISTRIBUTION, ETC.
Place of publication, distribution, etc. Երևան :
Name of publisher, distributor, etc. Ա. հ.,
Date of publication, distribution, etc. 1961.
300 ## - PHYSICAL DESCRIPTION
Extent 32 էջ ;
Dimensions 20 սմ.
500 ## - GENERAL NOTE
General note Հավելված՝ էջ 23-31
650 14 - SUBJECT ADDED ENTRY--TOPICAL TERM
Topical term or geographic name entry element Ավտոմոբիլային տրանսպորտ
700 1# - ADDED ENTRY--PERSONAL NAME
Personal name Միքայելյան, Ի.
Relator term խմբ.
Relationship edt
700 1# - ADDED ENTRY--PERSONAL NAME
Personal name Կարապետյան, Հ.
Relator term թարգմ.
Relationship trl
710 2# - ADDED ENTRY--CORPORATE NAME
Corporate name or jurisdiction name as entry element Ավտոմոբիլային տրանսպորտի մինիստրություն ՀՍՍՌ
Holdings
Withdrawn status Lost status Damaged status Not for loan Collection Home library Current library Date acquired Total checkouts Full call number Barcode Date last seen Cost, replacement price Price effective from Koha item type Public note
        General Fundamental Scientific Library Fundamental Scientific Library 22/12/2016   AII/24460 FL0001754 22/12/2016 5.00 22/12/2016 Գրքեր / Books 30 Days Loan


ՀՀ ԳԱԱ հիմնարար գիտական գրադարան
ՀՀ,Երևան 0019
Մարշալ Բաղրամյան 24/6
հեռախոս:(374-10) 52-47-50
Հետադարձ կապ

All site content, except where otherwise noted, is licensed under a
Creative Commons License